Design of concrete structures (Record no. 3628)

000 -LEADER
fixed length control field 00663nam a2200229 a 4500
001 - CONTROL NUMBER
control field 3628
003 - CONTROL NUMBER IDENTIFIER
control field BD-DhUET
008 - FIXED-LENGTH DATA ELEMENTS--GENERAL INFORMATION
fixed length control field 850621s1985 enka b 101 0 eng
020 ## - INTERNATIONAL STANDARD BOOK NUMBER
International Standard Book Number 007Y665486
040 ## - CATALOGING SOURCE
Original cataloging agency DLC
Transcribing agency DLC
Modifying agency BD-DhUET
082 00 - DEWEY DECIMAL CLASSIFICATION NUMBER
Classification number 624.183
Item number NIL/1986
100 ## - MAIN ENTRY--PERSONAL NAME
Personal name Nilson, Arthur H.
245 00 - TITLE STATEMENT
Title Design of concrete structures
Statement of responsibility, etc. by Arthur H. Nilson and George Winter
250 ## - EDITION STATEMENT
Edition statement 10th ed.
260 ## - PUBLICATION, DISTRIBUTION, ETC. (IMPRINT)
Place of publication, distribution, etc. New York:
Name of publisher, distributor, etc. McGraw Hill Book Company,
Date of publication, distribution, etc. 1986.
300 ## - PHYSICAL DESCRIPTION
Extent xi, 380 p. :
Other physical details ill. ;
Dimensions 23 cm.
490 ## - SERIES STATEMENT
Series statement Civil engineering series
504 ## - BIBLIOGRAPHY, ETC. NOTE
Bibliography, etc Includes bibliographies
650 #0 - SUBJECT ADDED ENTRY--TOPICAL TERM
Topical term or geographic name as entry element Reinforced concrete
700 ## - ADDED ENTRY--PERSONAL NAME
Personal name Winter, George
942 ## - ADDED ENTRY ELEMENTS (KOHA)
Koha item type General Book
Holdings
Koha full call number Shelving location Lost status Koha item type Koha date last borrowed Location (home branch) Not for loan Withdrawn status Source of classification or shelving scheme Damaged status Koha normalized classification for sorting Koha out on loan Sublocation or collection (holding branch) Copy number Price effective from Koha issues (times borrowed) Koha date last seen Piece designation (barcode) Date acquired Koha renewals
624.183/NIL/1986Circulation section General Book2026-02-23Central Library, BUET    624_000000000000000_183NIL19862027-02-23Central Library, BUET12014-11-0262026-02-23778732014-11-021
624.183 NIL/1986Rental section Rental Item Central Library, BUET    624_183000000000000_NIL_1986 Central Library, BUET১০/ক-১2024-12-04 2024-12-04778161990-10-23 
624.183 NIL/1986Rental section Rental Item Central Library, BUET    624_183000000000000_NIL_1986 Central Library, BUET১০/ক-২2024-12-04 2024-12-04778171990-10-23 
624.183 NIL/1986Rental section Rental Item Central Library, BUET    624_183000000000000_NIL_1986 Central Library, BUET১০/ক-৩2024-12-04 2024-12-04778181990-10-23 
624.183 NIL/1986Rental section Rental Item Central Library, BUET    624_183000000000000_NIL_1986 Central Library, BUET১০/ক-৪2024-12-04 2024-12-04778191990-10-23 
624.183 NIL/1986Rental section Rental Item Central Library, BUET    624_183000000000000_NIL_1986 Central Library, BUET১০/ক-৫2024-12-04 2024-12-04778201990-10-23 
624.183 NIL/1986Rental section Rental Item Central Library, BUET    624_183000000000000_NIL_1986 Central Library, BUET১০/ক-৬2024-12-04 2024-12-04778211990-10-23 
624.183 NIL/1986Rental section Rental Item Central Library, BUET    624_183000000000000_NIL_1986 Central Library, BUET১০/ক-৭2024-12-04 2024-12-04778221990-10-23 
624.183 NIL/1986Rental section Rental Item Central Library, BUET    624_183000000000000_NIL_1986 Central Library, BUET১০/ক-৮2024-12-04 2024-12-04778231990-10-23 
624.183 NIL/1986Rental section Rental Item Central Library, BUET    624_183000000000000_NIL_1986 Central Library, BUET১০/ক-৯2024-12-04 2024-12-04778241990-10-23 
624.183 NIL/1986Rental section Rental Item Central Library, BUET    624_183000000000000_NIL_1986 Central Library, BUET১০/ক-১০2024-12-04 2024-12-04778251990-10-23 
624.183 NIL/1986Rental section Rental Item Central Library, BUET    624_183000000000000_NIL_1986 Central Library, BUET১০/ক-১১2024-12-04 2024-12-04778261990-10-23 
624.183 NIL/1986Rental section Rental Item Central Library, BUET    624_183000000000000_NIL_1986 Central Library, BUET১০/ক-১২2024-12-04 2024-12-04778271990-10-23 
624.183 NIL/1986Rental section Rental Item Central Library, BUET    624_183000000000000_NIL_1986 Central Library, BUET১০/ক-১৩2024-12-04 2024-12-04778281990-10-23 
624.183 NIL/1986Rental section Rental Item Central Library, BUET    624_183000000000000_NIL_1986 Central Library, BUET১০/ক-১৪2024-12-04 2024-12-04778291990-10-23 
624.183 NIL/1986Rental section Rental Item Central Library, BUET    624_183000000000000_NIL_1986 Central Library, BUET১০/ক-১৫2024-12-04 2024-12-04778301990-10-23 
624.183 NIL/1986Rental section Rental Item Central Library, BUET    624_183000000000000_NIL_1986 Central Library, BUET১০/ক-১৬2024-12-04 2024-12-04778311990-10-23 
624.183 NIL/1986Rental section Rental Item Central Library, BUET    624_183000000000000_NIL_1986 Central Library, BUET১০/ক-১৭2024-12-04 2024-12-04778321990-10-23 
624.183 NIL/1986Rental section Rental Item Central Library, BUET    624_183000000000000_NIL_1986 Central Library, BUET১০/ক-১৮2024-12-04 2024-12-04778331990-10-23 
624.183 NIL/1986Rental section Rental Item Central Library, BUET    624_183000000000000_NIL_1986 Central Library, BUET১০/ক-১৯2024-12-04 2024-12-04778341990-10-23 
624.183 NIL/1986Rental section Rental Item Central Library, BUET    624_183000000000000_NIL_1986 Central Library, BUET১০/ক-২০2024-12-04 2024-12-04778351990-10-23